000 00204nmm a2200085Ia 4500
008 220120s9999||||xx |||||||||||||||||und||
100 _aEFY
245 0 _aSabayon 16.05, centos 6.8
260 _aEFY enterprises
999 _c140008
_d140008